000 00445cam a2200181ua 4500
001 10784
008 190403n ii |||gr||||Z||||||eng
020 _a9789380929736
040 _cMAIN
082 _a370.15
100 _aL K Rana,
_eAuthor.
245 _aEducational psychology :
_bnew trends /
_cBy L K Rana .
250 _a1st ed.
260 _aJaipur:
_bDND publications,
_c2015.
300 _a250p.
653 _aEducation
942 _cBK
999 _c9746
_d9746